000 00686nam a2200229 a 4500
999 _c4433
_d4433
001 4433
003 BD-JhCC
005 20220616134022.0
008 171127s2008 bg |||| |||| 000 0 ben d
020 _a9844583101
035 _a(BD-JhCC) 4433
040 _aBD-JhCC
_dBD-JhCC
041 _aben
082 _a891.443
_bHOQ 2008
100 _aহক, আনিসুল
245 _aপ্রেমের চার উপন্যাস /
_cআনিসুল হক
260 _aঢাকা :
_bসময় প্রকাশন,
_c২০০৮.
300 _a৩৪২ পৃ. :
_c২২ সেমি.
650 _aCollection of Novel
942 _2ddc
_cBK
_02